000 00980nam a2200265 i 4500
001 182506
003 ES-MaACL
005 20240517182707.0
008 130910s2006 sp | |||| ||spa d
020 _a84-8108-380-1
080 _a821.134.2 Egea, Julio Alfredo 1.07
100 1 _aJiménez Martínez, Paco.
_9153375
245 1 0 _aIntroducción a la poesía de Julio Alfredo Egea
_b: (1976-2002) /
_cFrancisco Jiménez Martínez.
250 _a1ª ed.
260 _a[Almería] :
_bInstituto de Estudios Almerienses,
_c[2006]
300 _a136 p. ;
_c24 cm.
490 1 _aColección Letras ;
_vn. 15
504 _aBibliografía: p. 127-135.
600 0 4 _aEgea, Julio Alfredo,
_d1926-2018
_946706
830 0 _aColección Letras ;
_vn. 15
_9191854
852 _aES-MaACL
_jA-12898
_9189418
_bR.149737
_cDEPO1
_dOlim: N-5898
_xDonación: Francisco Jiménez Martínez
903 _9153375
_aJiménez Martínez, Paco
_ednr
942 _2udc
_cMONOGRAFIA
999 _c182506
_d182506